[Event "EU-Cup Online Gr-F"]
[Site "Tornelo INT"]
[Date "2021.03.28"]
[Round "5.4"]
[White "Hamdouchi, Hicham"]
[Black "Kamer, Kayra"]
[Result "1-0"]
[WhiteElo "2561"]
[BlackElo "2339"]
[PlyCount "95"]
[EventDate "2021.03.27"]
[EventType "team-tourn (rapid)"]
[EventRounds "9"]
[EventCountry "NET"]
[SourceTitle "CBM 201 Extra"]
[Source "ChessBase"]
[SourceDate "2021.05.31"]
[SourceVersion "1"]
[SourceVersionDate "2021.05.31"]
[SourceQuality "1"]
[WhiteTeam "Clichy Echecs 92"]
[BlackTeam "Anatolia Red"]
[WhiteTeamCountry "FRA"]
[BlackTeamCountry "TUR"]

1. d4 Nf6 2. Bf4 g6 3. Nc3 d5 4. e3 Bg7 5. h4 0-0 6. h5 c5 7. hxg6 fxg6 8. Nf3 cxd4 9. Nxd4 Nc6 10. Nb3 e5 11. Bg5 d4 12. Bc4+ Kh8 13. exd4 exd4 14. Ne2 Qb6 15. Nf4 Bf5 16. Bd3 Rae8+ 17. Kf1 Ne4 18. Nd5 Nxf2 19. Kxf2 Bxd3+ 20. Kg1 Qb5 21. Qxd3 Qxd5 22. Qxg6 Qg8 23. Rh3 Ne5 24. Qh5 Nc4 25. Kh1 Rf5 26. Qg4 Ref8 27. Nxd4 Rf1+ 28. Rxf1 Rxf1+ 29. Kh2 Be5+ 30. g3 Qf8 31. Bf4 Bxd4 32. Qd7 Bg7 33. Qd3 h6 34. Qxf1 Ne5 35. Qe2 Nf7 36. Qe6 Qc5 37. Qe8+ Bf8 38. Qe2 Bg7 39. Rh4 Bf6 40. Rh5 Qc6 41. Bxh6 Nxh6 42. Rxh6+ Kg7 43. Rh5 Qa4 44. Qd3 Qg4 45. Rd5 Kh6 46. c3 a6 47. Rf5 Kg7 48. Qf3 1-0

[Event "Titled Tuesday intern op 09th Mar"]
[Site "Chess.com INT"]
[Date "2021.03.09"]
[Round "3"]
[White "Djaparov, Medet"]
[Black "Kamer, Kayra"]
[Result "0-1"]
[WhiteElo "1691"]
[BlackElo "2339"]
[PlyCount "112"]
[EventDate "2021.03.09"]
[EventType "swiss (blitz)"]
[EventRounds "11"]
[EventCountry "USA"]
[SourceTitle "CBM 201 Extra"]
[Source "ChessBase"]
[SourceDate "2021.05.31"]
[SourceVersion "1"]
[SourceVersionDate "2021.05.31"]
[SourceQuality "1"]

1. d4 Nf6 2. c4 g6 3. Nf3 Bg7 4. g3 0-0 5. Bg2 c6 6. 0-0 d6 7. Nc3 Qa5 8. e4 e5 9. h3 Nbd7 10. Be3 exd4 11. Nxd4 Ne5 12. Qe2 c5 13. Ndb5 Be6 14. Nxd6 Qa6 15. Bxc5 Nfd7 16. Bb4 Nc6 17. f4 Nxb4 18. e5 Nc6 19. Rad1 Qb6+ 20. Kh2 Nd4 21. Qf2 Nf5 22. Qxb6 Nxb6 23. Nxf5 gxf5 24. b3 Rab8 25. Rd6 Rfd8 26. Rfd1 Rxd6 27. Rxd6 Bf8 28. Rd1 Bb4 29. Nb5 a6 30. Nc7 Kf8 31. a4 Ke7 32. Nd5+ Nxd5 33. cxd5 Bd7 34. Rc1 Rc8 35. d6+ Kd8 36. Rxc8+ Kxc8 37. Bd5 Be6 38. Bxe6+ fxe6 39. g4 Kd7 40. Kg3 Be1+ 41. Kf3 Kc6 42. Ke2 Ba5 43. Kf3 Kd5 44. Ke3 Bb6+ 45. Kd3 Bf2 46. a5 Bc5 47. Kc3 Kc6 48. b4 Be3 49. gxf5 exf5 50. Kd3 Bxf4 51. Kd4 Bd2 52. h4 Bxb4 53. Ke3 Bxa5 54. Kf4 Bb4 55. Kxf5 Bxd6 56. exd6 Kxd6 0-1

[Event "Titled Tuesday intern op 09th Mar"]
[Site "Chess.com INT"]
[Date "2021.03.09"]
[Round "4"]
[White "Kamer, Kayra"]
[Black "Matlakov, Maxim"]
[Result "1/2-1/2"]
[WhiteElo "2339"]
[BlackElo "2688"]
[PlyCount "89"]
[EventDate "2021.03.09"]
[EventType "swiss (blitz)"]
[EventRounds "11"]
[EventCountry "USA"]
[SourceTitle "CBM 201 Extra"]
[Source "ChessBase"]
[SourceDate "2021.05.31"]
[SourceVersion "1"]
[SourceVersionDate "2021.05.31"]
[SourceQuality "1"]

1. e4 e5 2. Nf3 Nc6 3. Bb5 a6 4. Ba4 Nf6 5. Bxc6 dxc6 6. d3 Qd6 7. Nbd2 Be6 8. b3 Nd7 9. a4 c5 10. Bb2 f6 11. h4 Be7 12. h5 0-0-0 13. Nc4 Qc6 14. h6 g5 15. Qe2 Nb8 16. 0-0-0 Qd7 17. Na5 b6 18. Nc4 Nc6 19. Ne3 Nd4 20. Nxd4 cxd4 21. Nc4 b5 22. axb5 axb5 23. Nd2 Kb7 24. g3 Ra8 25. f4 Ra2 26. Nb1 Rha8 27. f5 Bf7 28. c4 dxc3 29. Nxc3 Bxb3 30. Nxa2 Rxa2 31. Rd2 Qc6+ 32. Kb1 Bb4 33. Rc1 Qa6 34. Rdc2 Bd6 35. Rc3 Qa4 36. Qd2 Kb8 37. Rc6 Ba3 38. Rxc7 Rxb2+ 39. Qxb2 Bxb2 40. Rc8+ Kb7 41. R1c7+ Kb6 42. Rc6+ Kb7 43. R6c7+ Kb6 44. Rc6+ Kb7 45. R6c7+ 1/2-1/2

[Event "Titled Tuesday intern op 09th Mar"]
[Site "Chess.com INT"]
[Date "2021.03.09"]
[Round "2"]
[White "Novikov, Evgenij"]
[Black "Kamer, Kayra"]
[Result "0-1"]
[WhiteElo "2276"]
[BlackElo "2339"]
[PlyCount "80"]
[EventDate "2021.03.09"]
[EventType "swiss (blitz)"]
[EventRounds "11"]
[EventCountry "USA"]
[SourceTitle "CBM 201 Extra"]
[Source "ChessBase"]
[SourceDate "2021.05.31"]
[SourceVersion "1"]
[SourceVersionDate "2021.05.31"]
[SourceQuality "1"]

1. d4 Nf6 2. Nf3 g6 3. c4 Bg7 4. Nc3 0-0 5. e4 d6 6. Be2 Bg4 7. Be3 Nfd7 8. Ng1 Bxe2 9. Ngxe2 c5 10. 0-0 Nc6 11. Qd2 cxd4 12. Nxd4 Nde5 13. b3 Rc8 14. Rac1 Ng4 15. Nxc6 bxc6 16. Bd4 e5 17. Be3 Qh4 18. h3 Nxe3 19. fxe3 Rcd8 20. Rf3 f5 21. exf5 gxf5 22. Rcf1 Qg5 23. Ne2 d5 24. cxd5 cxd5 25. Kh2 d4 26. Rg3 Qh6 27. Qb2 d3 28. Ng1 Kh8 29. Nf3 e4 30. Nd4 Qd6 31. Rf4 Bxd4 32. exd4 Qxd4 33. Qa3 Rg8 34. Rxf5 Rxg3 35. Qe7 Rxg2+ 36. Kxg2 Rg8+ 37. Rg5 Rxg5+ 38. Qxg5 Qg7 39. h4 Qxg5+ 40. hxg5 d2 0-1

[Event "Titled Tuesday intern op 16th Feb"]
[Site "Chess.com INT"]
[Date "2021.02.16"]
[Round "5"]
[White "Kamer, Kayra"]
[Black "Blomqvist, Erik"]
[Result "1-0"]
[WhiteElo "2339"]
[BlackElo "2535"]
[PlyCount "82"]
[EventDate "2021.02.16"]
[EventType "swiss (blitz)"]
[EventRounds "11"]
[EventCountry "USA"]
[SourceTitle "EXT 2022"]
[Source "ChessBase"]
[SourceDate "2021.10.06"]
[SourceVersion "1"]
[SourceVersionDate "2021.10.06"]
[SourceQuality "1"]

1. e4 c6 2. d4 d5 3. f3 e6 4. Nc3 Bb4 5. Bf4 Ne7 6. Qd3 b6 7. Nge2 Ba6 8. Qe3 0-0 9. 0-0-0 Nd7 10. a3 Bxc3 11. Nxc3 Bxf1 12. Rhxf1 Re8 13. g4 b5 14. h4 Nb6 15. h5 Nc4 16. Qd3 a5 17. h6 g6 18. exd5 Nxd5 19. Nxd5 exd5 20. g5 Qd7 21. Rfe1 a4 22. Be5 Nxe5 23. dxe5 Rad8 24. Qd4 Qe6 25. f4 Rd7 26. Rf1 Qf5 27. Qc5 Re6 28. Qb6 Rde7 29. Kb1 Re8 30. Qc7 R8e7 31. Qb8+ Re8 32. Qb6 R8e7 33. Qd4 Re8 34. Rfe1 Kf8 35. Re3 Kg8 36. Rc3 Qg4 37. Rdd3 Rd8 38. Rf3 Rc8 39. Qxd5 Ree8 40. Rxc6 Rcd8 41. Rd6 Qf5 1-0

[Event "Titled Tuesday intern op 16th Feb"]
[Site "Chess.com INT"]
[Date "2021.02.16"]
[Round "3"]
[White "Kamer, Kayra"]
[Black "Ognean, Mihnea Ionut"]
[Result "0-1"]
[WhiteElo "2339"]
[BlackElo "2298"]
[PlyCount "86"]
[EventDate "2021.02.16"]
[EventType "swiss (blitz)"]
[EventRounds "11"]
[EventCountry "USA"]
[SourceTitle "EXT 2022"]
[Source "ChessBase"]
[SourceDate "2021.10.06"]
[SourceVersion "1"]
[SourceVersionDate "2021.10.06"]
[SourceQuality "1"]

1. e4 c5 2. Nf3 Nc6 3. Bb5 g6 4. 0-0 Bg7 5. c3 e5 6. d4 exd4 7. cxd4 cxd4 8. Bf4 Nge7 9. Bd6 0-0 10. Na3 a6 11. Bc4 b5 12. Bb3 Bb7 13. Rc1 Qb6 14. Re1 h6 15. e5 Rfe8 16. Qd3 Nf5 17. Bc5 Qd8 18. g4 Nh4 19. Nxh4 Qxh4 20. Qxg6 Nxe5 21. Rxe5 Rxe5 22. Bxd4 Kh8 23. Qd3 Qxg4+ 24. Qg3 Qxg3+ 25. hxg3 Rh5 26. Bxg7+ Kxg7 27. f3 Bxf3 28. Kf2 Bc6 29. Nc2 Rh2+ 30. Ke3 Re8+ 31. Kd4 Ree2 32. Nb4 Rxb2 33. Nxa6 Rbd2+ 34. Kc5 Rhg2 35. Rc3 h5 36. Nb4 Rdf2 37. Nxc6 dxc6 38. Kxc6 Rf5 39. Re3 Rg5 40. Rf3 R2xg3 41. Rxf7+ Kg6 42. Rf8 h4 43. Rg8+ Kh5 0-1

[Event "Titled Tuesday intern op 16th Feb"]
[Site "Chess.com INT"]
[Date "2021.02.16"]
[Round "6"]
[White "Kamer, Kayra"]
[Black "Tari, Aryan"]
[Result "0-1"]
[WhiteElo "2339"]
[BlackElo "2625"]
[PlyCount "122"]
[EventDate "2021.02.16"]
[EventType "swiss (blitz)"]
[EventRounds "11"]
[EventCountry "USA"]
[SourceTitle "EXT 2022"]
[Source "ChessBase"]
[SourceDate "2021.10.06"]
[SourceVersion "1"]
[SourceVersionDate "2021.10.06"]
[SourceQuality "1"]

1. e4 c6 2. d4 d5 3. f3 g6 4. Nc3 Bg7 5. Be3 Qb6 6. Qd2 Qxb2 7. Rb1 Qa3 8. exd5 Nf6 9. Bc4 0-0 10. Nge2 Nbd7 11. dxc6 bxc6 12. 0-0 Nb6 13. Bb3 Ba6 14. Bg5 Rad8 15. Rfe1 c5 16. Ne4 Nxe4 17. fxe4 c4 18. Ra1 Qd6 19. Qa5 Bb7 20. Ba4 Bxe4 21. c3 h6 22. Ng3 hxg5 23. Nxe4 Qf4 24. Bc2 Nd5 25. Rad1 Ne3 26. Rd2 Rd5 27. Qxa7 Nxc2 28. Rxc2 e5 29. Rf2 Qh4 30. Qb7 Rdd8 31. dxe5 Bxe5 32. g3 Qg4 33. Qe7 Rfe8 34. Qxf7+ Kh8 35. Qxg6 Bg7 36. Kg2 Re6 37. Qf7 Rxe4 38. Ref1 Re6 39. Qc7 Qe4+ 40. Kg1 Rde8 41. Rf7 Qe5 42. Qb7 Qe3+ 43. R7f2 Qe4 44. Qc7 Qe5 45. Qb7 Qe4 46. Qc7 Bxc3 47. Qb7 Bd4 48. Qc7 Bxf2+ 49. Rxf2 Qe1+ 50. Rf1 Qe3+ 51. Rf2 Qe1+ 52. Rf1 Qe5 53. Qf7 Qe3+ 54. Rf2 Qe1+ 55. Rf1 Qe3+ 56. Rf2 Qc1+ 57. Rf1 Qc3 58. Qh5+ Kg7 59. Qxg5+ Rg6 60. Qd5 Qe3+ 61. Kh1 Qe4+ 0-1